[Event "ODJM C 2023"]
[Site "Willingen GER"]
[Date "2023.05.30"]
[Round "4"]
[White "Sun, Christopher"]
[Black "Sauer, Ben"]
[Result "1-0"]
[Termination "normal"]
[Board "1"]
[WhiteElo "1313"]
[BlackElo "1340"]
[WhiteClock "00:42:20"]
[BlackClock "00:29:44"]
[PlyCount "67"]
[WhiteFideId "34630368"]
[BlackFideId "34606866"]
[EventCountry "GER"]
[EventRounds "9"]
[EventType "swiss"]
[EventDate "2023.05.27"]

1. e4 {[%clk 01:30:59]} c5 {[%clk 01:30:54]} {[%emt 00:00:07]} 2. Nf3 {[%clk
01:31:25]} {[%emt 00:00:04]} Nc6 {[%clk 01:31:18]} {[%emt 00:00:06]} 3. d4
{[%clk 01:31:49]} {[%emt 00:00:06]} cxd4 {[%clk 01:31:41]} {[%emt 00:00:07]} 4.
Nxd4 {[%clk 01:32:15]} {[%emt 00:00:03]} e5 {[%clk 01:32:00]} {[%emt 00:00:11]}
5. Nb5 {[%clk 01:32:39]} {[%emt 00:00:05]} a6 {[%clk 01:32:24]} {[%emt
00:00:06]} 6. Nd6+ {[%clk 01:33:04]} {[%emt 00:00:06]} Bxd6 {[%clk 01:32:45]}
{[%emt 00:00:09]} 7. Qxd6 {[%clk 01:33:28]} {[%emt 00:00:06]} Qf6 {[%clk
01:32:58]} {[%emt 00:00:17]} 8. Qa3 {[%clk 01:33:47]} {[%emt 00:00:10]} b5
{[%clk 01:32:03]} {[%emt 00:01:26]} 9. Bxb5 {[%clk 01:32:57]} {[%emt 00:01:20]}
Bb7 {[%clk 01:25:25]} {[%emt 00:07:08]} 10. Bd3 {[%clk 01:26:09]} {[%emt
00:07:18]} Qg6 {[%clk 01:21:04]} {[%emt 00:04:51]} 11. O-O {[%clk 01:25:21]}
{[%emt 00:01:18]} Nge7 {[%clk 01:16:53]} {[%emt 00:04:42]} 12. Be3 {[%clk
01:23:43]} {[%emt 00:02:07]} O-O {[%clk 01:15:27]} {[%emt 00:01:56]} 13. Bc5
{[%clk 01:21:54]} {[%emt 00:02:20]} Rfe8 {[%clk 01:14:25]} {[%emt 00:01:31]}
14. Nc3 {[%clk 01:20:48]} {[%emt 00:01:34]} Qf6 {[%clk 01:07:50]} {[%emt
00:07:06]} 15. Rad1 {[%clk 01:18:52]} {[%emt 00:02:27]} Nd4 {[%clk 00:58:24]}
{[%emt 00:09:56]} 16. Ne2 {[%clk 01:13:41]} {[%emt 00:05:42]} Ne6 {[%clk
00:51:04]} {[%emt 00:07:50]} 17. Be3 {[%clk 01:10:14]} {[%emt 00:03:54]} Ng6
{[%clk 00:49:25]} {[%emt 00:02:11]} 18. f3 {[%clk 01:06:34]} {[%emt 00:04:09]}
h5 {[%clk 00:43:20]} {[%emt 00:06:36]} 19. Bc4 {[%clk 00:52:00]} {[%emt
00:15:04]} Re7 {[%clk 00:38:06]} {[%emt 00:05:44]} 20. Bxe6 {[%clk 00:48:49]}
{[%emt 00:03:40]} Qxe6 {[%clk 00:35:25]} {[%emt 00:03:11]} 21. Qb4 {[%clk
00:44:26]} {[%emt 00:04:54]} Bc6 {[%clk 00:33:27]} {[%emt 00:02:28]} 22. Rd6
{[%clk 00:44:19]} {[%emt 00:00:37]} Qxa2 {[%clk 00:31:42]} {[%emt 00:02:15]}
23. Nc3 {[%clk 00:44:37]} {[%emt 00:00:12]} Qe6 {[%clk 00:31:23]} {[%emt
00:00:49]} 24. Rxe6 {[%clk 00:44:54]} {[%emt 00:00:13]} Rxe6 {[%clk 00:31:42]}
{[%emt 00:00:11]} 25. Rd1 {[%clk 00:44:07]} {[%emt 00:01:17]} h4 {[%clk
00:29:39]} {[%emt 00:02:32]} 26. Rd6 {[%clk 00:41:59]} {[%emt 00:02:38]} Rae8
{[%clk 00:29:07]} {[%emt 00:01:02]} 27. Rxe6 {[%clk 00:41:48]} {[%emt
00:00:41]} Rxe6 {[%clk 00:29:27]} {[%emt 00:00:10]} 28. Nd5 {[%clk 00:41:28]}
{[%emt 00:00:51]} Bxd5 {[%clk 00:29:34]} {[%emt 00:00:23]} 29. exd5 {[%clk
00:41:47]} {[%emt 00:00:10]} Rf6 {[%clk 00:29:38]} {[%emt 00:00:27]} 30. Bg5
{[%clk 00:41:49]} {[%emt 00:00:27]} Rf5 {[%clk 00:29:29]} {[%emt 00:00:40]} 31.
Bxh4 {[%clk 00:41:42]} {[%emt 00:00:36]} Rf4 {[%clk 00:29:29]} {[%emt
00:00:31]} 32. Qb8+ {[%clk 00:42:07]} {[%emt 00:00:05]} Kh7 {[%clk 00:29:43]}
{[%emt 00:00:16]} 33. Bg3 {[%clk 00:42:12]} {[%emt 00:00:24]} Rf5 {[%clk
00:29:44]} {[%emt 00:00:30]} 34. Qc8 {[%clk 00:42:20]} {[%emt 00:00:22]} 1-0

[Event "ODJM C 2023"]
[Site "Willingen GER"]
[Date "2023.05.30"]
[Round "4"]
[White "Classen, Marnin"]
[Black "Ensslen, Jakob"]
[Result "1-0"]
[Termination "normal"]
[Board "2"]
[WhiteElo "1352"]
[BlackElo "1298"]
[WhiteClock "00:49:21"]
[BlackClock "00:02:37"]
[PlyCount "57"]
[WhiteFideId "34623833"]
[BlackFideId "34640258"]
[EventCountry "GER"]
[EventRounds "9"]
[EventType "swiss"]
[EventDate "2023.05.27"]

1. e4 {[%clk 01:30:59]} e5 {[%clk 01:30:48]} {[%emt 00:00:13]} 2. Nf3 {[%clk
01:31:22]} {[%emt 00:00:07]} Nc6 {[%clk 01:31:12]} {[%emt 00:00:06]} 3. Bb5
{[%clk 01:31:43]} {[%emt 00:00:09]} a6 {[%clk 01:31:38]} {[%emt 00:00:05]} 4.
Ba4 {[%clk 01:32:09]} {[%emt 00:00:04]} Nf6 {[%clk 01:31:53]} {[%emt 00:00:14]}
5. O-O {[%clk 01:32:29]} {[%emt 00:00:08]} Be7 {[%clk 01:32:15]} {[%emt
00:00:10]} 6. Re1 {[%clk 01:32:44]} {[%emt 00:00:15]} b5 {[%clk 01:32:37]}
{[%emt 00:00:08]} 7. Bb3 {[%clk 01:33:08]} {[%emt 00:00:05]} O-O {[%clk
01:32:56]} {[%emt 00:00:12]} 8. c3 {[%clk 01:33:28]} {[%emt 00:00:10]} d5
{[%clk 01:33:19]} {[%emt 00:00:07]} 9. exd5 {[%clk 01:33:36]} {[%emt 00:00:22]}
Nxd5 {[%clk 01:33:36]} {[%emt 00:00:12]} 10. Nxe5 {[%clk 01:33:57]} {[%emt
00:00:09]} Nxe5 {[%clk 01:33:36]} {[%emt 00:00:30]} 11. Rxe5 {[%clk 01:34:20]}
{[%emt 00:00:08]} Nf6 {[%clk 01:34:02]} {[%emt 00:00:04]} 12. Re1 {[%clk
01:34:16]} {[%emt 00:00:33]} Bd6 {[%clk 01:33:46]} {[%emt 00:00:47]} 13. d4
{[%clk 01:34:04]} {[%emt 00:00:42]} Ng4 {[%clk 01:33:38]} {[%emt 00:00:37]} 14.
h3 {[%clk 01:31:30]} {[%emt 00:03:04]} Nxf2 {[%clk 01:32:33]} {[%emt 00:01:36]}
15. Qf3 {[%clk 01:29:19]} {[%emt 00:02:41]} Nxh3+ {[%clk 01:25:33]} {[%emt
00:07:29]} 16. gxh3 {[%clk 01:27:19]} {[%emt 00:02:30]} Bd7 {[%clk 01:23:56]}
{[%emt 00:02:07]} 17. Nd2 {[%clk 01:25:25]} {[%emt 00:02:25]} Qg5+ {[%clk
01:07:08]} {[%emt 00:17:18]} 18. Qg2 {[%clk 01:22:54]} {[%emt 00:03:00]} Qh5
{[%clk 00:58:03]} {[%emt 00:09:35]} 19. h4 {[%clk 01:12:46]} {[%emt 00:10:38]}
Rae8 {[%clk 00:50:55]} {[%emt 00:07:38]} 20. Ne4 {[%clk 01:04:56]} {[%emt
00:08:20]} Kh8 {[%clk 00:41:12]} {[%emt 00:10:15]} 21. Bd2 {[%clk 01:01:20]}
{[%emt 00:04:05]} Qxh4 {[%clk 00:31:30]} {[%emt 00:10:11]} 22. Nxd6 {[%clk
01:01:07]} {[%emt 00:00:43]} cxd6 {[%clk 00:31:29]} {[%emt 00:00:31]} 23. Rxe8
{[%clk 01:00:30]} Rxe8 {[%clk 00:29:56]} {[%emt 00:03:11]} 24. Bxf7 {[%clk
00:59:23]} {[%emt 00:01:36]} Re4 {[%clk 00:26:18]} {[%emt 00:04:08]} 25. Bh5
{[%clk 00:53:15]} {[%emt 00:06:39]} h6 {[%clk 00:13:59]} {[%emt 00:12:49]} 26.
Rf1 {[%clk 00:49:41]} {[%emt 00:04:04]} g6 {[%clk 00:03:47]} {[%emt 00:10:42]}
27. Rf8+ {[%clk 00:48:46]} {[%emt 00:01:24]} Kg7 {[%clk 00:03:14]} {[%emt
00:01:03]} 28. Bxh6+ {[%clk 00:48:58]} {[%emt 00:00:18]} Kxh6 {[%clk 00:02:37]}
{[%emt 00:01:07]} 29. Qxg6# {[%clk 00:49:21]} {[%emt 00:00:08]} 1-0

[Event "ODJM C 2023"]
[Site "Willingen GER"]
[Date "2023.05.30"]
[Round "4"]
[White "Briese, Paul"]
[Black "Carstens, Finja"]
[Result "1-0"]
[Termination "normal"]
[Board "3"]
[WhiteElo "1321"]
[BlackElo "1478"]
[WhiteClock "00:48:39"]
[BlackClock "00:01:25"]
[PlyCount "107"]
[WhiteFideId "16273826"]
[BlackFideId "34617841"]
[EventCountry "GER"]
[EventRounds "9"]
[EventType "swiss"]
[EventDate "2023.05.27"]

1. Nf3 d5 {[%emt 0:00:29]} 2. g3 {[%emt 0:00:08]} Nf6 {[%emt 0:00:18]} 3. Bg2
{[%emt 0:00:33]} Bf5 {[%emt 0:01:51]} 4. O-O {[%emt 0:00:42]} e6 {[%emt
0:00:21]} 5. d3 {[%emt 0:01:06]} c5 {[%emt 0:02:30]} 6. Nbd2 {[%emt 0:01:37]}
Nc6 {[%emt 0:02:33]} 7. Re1 {[%emt 0:01:49]} Be7 {[%emt 0:07:40]} 8. Nh4 {[%emt
0:03:59]} Bg6 {[%emt 0:03:53]} 9. Nxg6 {[%emt 0:00:59]} fxg6 {[%emt 0:07:17]}
10. e4 {[%emt 0:03:24]} O-O {[%emt 0:10:32]} 11. f4 {[%emt 0:09:01]} d4 {[%emt
0:26:39]} 12. g4 {[%emt 0:07:25]} Nd7 {[%emt 0:07:48]} 13. Rf1 {[%emt 0:03:03]}
e5 {[%emt 0:06:52]} 14. f5 {[%emt 0:01:06]} gxf5 {[%emt 0:03:46]} 15. gxf5
{[%emt 0:00:30]} Bg5 {[%emt 0:03:17]} 16. Qh5 {[%emt 0:02:01]} Be3+ {[%emt
0:03:14]} 17. Kh1 {[%emt 0:00:59]} Rf6 {[%emt 0:01:33]} 18. Nf3 {[%emt
0:02:43]} Rh6 {[%emt 0:00:38]} 19. Qg4 {[%emt 0:00:48]} Nf6 {[%emt 0:00:32]}
20. Qg3 {[%emt 0:00:23]} Nh5 {[%emt 0:02:09]} 21. Qe1 {[%emt 0:00:39]} Bf4
{[%emt 0:02:49]} 22. Bxf4 {[%emt 0:00:31]} Nxf4 {[%emt 0:01:13]} 23. Ng1 {[%emt
0:07:42]} Nxg2 {[%emt 0:00:25]} 24. Kxg2 {[%emt 0:00:15]} Qg5+ {[%emt 0:01:48]}
25. Qg3 {[%emt 0:00:19]} Qxg3+ {[%emt 0:01:28]} 26. Kxg3 {[%emt 0:00:20]} Rf8
{[%emt 0:00:18]} 27. a3 {[%emt 0:01:53]} Rhf6 {[%emt 0:00:15]} 28. Rf3 {[%emt
0:01:58]} Ne7 {[%emt 0:00:32]} 29. Raf1 {[%emt 0:00:18]} b6 {[%emt 0:00:47]}
30. Nh3 {[%emt 0:00:20]} a6 {[%emt 0:01:14]} 31. Nf2 {[%emt 0:00:52]} g6 {[%emt
0:00:12]} 32. Ng4 {[%emt 0:00:36]} Rc6 {[%emt 0:00:54]} 33. Nxe5 {[%emt
0:00:21]} Rc7 {[%emt 0:00:36]} 34. fxg6 {[%emt 0:01:15]} Rxf3+ {[%emt 0:00:06]}
35. Rxf3 {[%emt 0:00:13]} Nxg6 {[%emt 0:00:42]} 36. Nxg6 {[%emt 0:00:07]} hxg6
{[%emt 0:00:05]} 37. Rf6 {[%emt 0:00:13] hier wurd nun von Schwarz regelwidrig
b4 gespielt, daher mit Nullzug überbrückt} b5 38. Z0 b4 39. Rxg6+ Rg7 40. Rxg7+
Kxg7 41. axb4 cxb4 42. b3 Kg6 43. Kf4 Kh5 44. Ke5 Kg4 45. Kxd4 Kf3 46. e5 Ke2
47. e6 Kd2 48. Kc4 a5 49. e7 Kxc2 50. e8=Q Kb2 51. h4 Ka3 52. h5 a4 53. Qxa4+
Kb2 54. h6 1-0

[Event "ODJM C 2023"]
[Site "Willingen GER"]
[Date "2023.05.30"]
[Round "4"]
[White "Hierl, Andreas"]
[Black "Weidenhöfer, Ben"]
[Result "1-0"]
[Termination "normal"]
[Board "4"]
[WhiteElo "1236"]
[BlackElo "1180"]
[WhiteClock "00:09:32"]
[BlackClock "00:04:39"]
[PlyCount "63"]
[WhiteFideId "34660496"]
[BlackFideId "16273702"]
[EventCountry "GER"]
[EventRounds "9"]
[EventType "swiss"]
[EventDate "2023.05.27"]

1. e4 {[%clk 01:30:58]} {[%emt 00:00:01]} c6 {[%clk 01:30:54]} {[%emt
00:00:07]} 2. d4 {[%clk 01:31:23]} {[%emt 00:00:04]} d5 {[%clk 01:31:18]}
{[%emt 00:00:06]} 3. exd5 {[%clk 01:31:46]} {[%emt 00:00:07]} cxd5 {[%clk
01:31:39]} {[%emt 00:00:09]} 4. Bd3 {[%clk 01:32:08]} {[%emt 00:00:08]} g6
{[%clk 01:31:50]} {[%emt 00:00:19]} 5. Bf4 {[%clk 01:31:17]} {[%emt 00:01:21]}
Bg7 {[%clk 01:31:57]} {[%emt 00:00:24]} 6. c3 {[%clk 01:31:13]} {[%emt
00:00:34]} Nh6 {[%clk 01:30:15]} {[%emt 00:02:11]} 7. h3 {[%clk 01:29:23]}
{[%emt 00:02:20]} O-O {[%clk 01:30:08]} {[%emt 00:00:38]} 8. Nf3 {[%clk
01:22:50]} {[%emt 00:07:03]} f6 {[%clk 01:28:55]} {[%emt 00:01:42]} 9. O-O
{[%clk 01:19:20]} {[%emt 00:04:01]} Nf7 {[%clk 01:28:19]} {[%emt 00:01:06]} 10.
Re1 {[%clk 01:16:59]} {[%emt 00:02:50]} Nc6 {[%clk 01:27:19]} {[%emt 00:01:30]}
11. Bb5 {[%clk 01:06:16]} {[%emt 00:11:13]} Re8 {[%clk 01:18:21]} {[%emt
00:09:28]} 12. c4 {[%clk 00:53:08]} {[%emt 00:13:38]} a6 {[%clk 01:11:10]}
{[%emt 00:07:41]} 13. cxd5 {[%clk 00:50:58]} {[%emt 00:02:38]} Qxd5 {[%clk
01:07:52]} {[%emt 00:03:50]} 14. Nc3 {[%clk 00:42:34]} {[%emt 00:08:55]} Qd7
{[%clk 00:53:15]} {[%emt 00:15:06]} 15. Ba4 {[%clk 00:39:38]} {[%emt 00:03:26]}
e6 {[%clk 00:47:46]} {[%emt 00:06:00]} 16. d5 {[%clk 00:33:57]} {[%emt
00:06:11]} exd5 {[%clk 00:44:19]} {[%emt 00:03:56]} 17. Rxe8+ {[%clk 00:33:56]}
{[%emt 00:00:31]} Qxe8 {[%clk 00:44:26]} {[%emt 00:00:23]} 18. Nxd5 {[%clk
00:34:16]} {[%emt 00:00:11]} Qd8 {[%clk 00:38:40]} {[%emt 00:06:16]} 19. Bc7
{[%clk 00:30:00]} {[%emt 00:04:45]} Qe8 {[%clk 00:32:31]} {[%emt 00:06:38]} 20.
Qe1 {[%clk 00:21:51]} {[%emt 00:08:40]} Be6 {[%clk 00:24:20]} {[%emt 00:08:41]}
21. Nb6 {[%clk 00:21:34]} {[%emt 00:00:46]} Ra7 {[%clk 00:24:05]} {[%emt
00:00:46]} 22. Nd4 {[%clk 00:17:57]} {[%emt 00:04:07]} Bd7 {[%clk 00:22:03]}
{[%emt 00:02:31]} 23. Qxe8+ {[%clk 00:16:12]} {[%emt 00:02:16]} Bxe8 {[%clk
00:22:16]} {[%emt 00:00:17]} 24. Re1 {[%clk 00:15:45]} {[%emt 00:00:58]} Nfe5
{[%clk 00:15:37]} {[%emt 00:07:09]} 25. f4 {[%clk 00:11:19]} {[%emt 00:04:55]}
Nxd4 {[%clk 00:14:34]} {[%emt 00:01:33]} 26. Bxe8 {[%clk 00:11:28]} {[%emt
00:00:21]} Nd3 {[%clk 00:11:37]} {[%emt 00:03:27]} 27. Rd1 {[%clk 00:10:02]}
{[%emt 00:01:56]} Ne6 {[%clk 00:07:13]} {[%emt 00:04:53]} 28. Bb8 {[%clk
00:09:45]} {[%emt 00:00:48]} Nxb2 {[%clk 00:06:04]} {[%emt 00:01:39]} 29. Rd6
{[%clk 00:09:59]} {[%emt 00:00:16]} Ra8 {[%clk 00:04:37]} {[%emt 00:01:58]} 30.
Nxa8 {[%clk 00:09:48]} {[%emt 00:00:40]} Nxf4 {[%clk 00:04:54]} {[%emt
00:00:12]} 31. Rd8 {[%clk 00:09:11]} {[%emt 00:01:08]} Bf8 {[%clk 00:04:39]}
{[%emt 00:00:45]} 32. Bxf4 {[%clk 00:09:32]} {[%emt 00:00:09]} 1-0

[Event "ODJM C 2023"]
[Site "Willingen GER"]
[Date "2023.05.30"]
[Round "4"]
[White "Geschke, Jonathan"]
[Black "Wissing, Lars"]
[Result "1-0"]
[Termination "normal"]
[Board "6"]
[WhiteElo "1258"]
[BlackElo "1128"]
[WhiteClock "00:35:51"]
[BlackClock "00:12:23"]
[PlyCount "111"]
[WhiteFideId "34636129"]
[BlackFideId "34660593"]
[EventCountry "GER"]
[EventRounds "9"]
[EventType "swiss"]
[EventDate "2023.05.27"]

1. e4 {[%clk 01:30:59]} c6 {[%clk 01:30:56]} {[%emt 00:00:04]} 2. d4 {[%clk
01:31:01]} {[%emt 00:00:29]} d5 {[%clk 01:31:21]} {[%emt 00:00:04]} 3. exd5
{[%clk 01:31:21]} {[%emt 00:00:11]} cxd5 {[%clk 01:31:46]} {[%emt 00:00:05]} 4.
Bd3 {[%clk 01:31:33]} {[%emt 00:00:17]} Nc6 {[%clk 01:32:07]} {[%emt 00:00:09]}
5. c3 {[%clk 01:31:30]} {[%emt 00:00:34]} Nf6 {[%clk 01:32:27]} {[%emt
00:00:08]} 6. h3 {[%clk 01:31:29]} {[%emt 00:00:32]} e6 {[%clk 01:32:28]}
{[%emt 00:00:29]} 7. Nf3 {[%clk 01:31:16]} {[%emt 00:00:43]} Bd6 {[%clk
01:32:06]} {[%emt 00:00:51]} 8. O-O {[%clk 01:31:15]} {[%emt 00:00:30]} O-O
{[%clk 01:32:28]} {[%emt 00:00:10]} 9. Re1 {[%clk 01:30:28]} {[%emt 00:01:17]}
h6 {[%clk 01:32:49]} {[%emt 00:00:09]} 10. Nbd2 {[%clk 01:30:19]} {[%emt
00:00:39]} Qc7 {[%clk 01:32:44]} {[%emt 00:00:34]} 11. Qe2 {[%clk 01:29:32]}
{[%emt 00:01:18]} Re8 {[%clk 01:32:50]} {[%emt 00:00:24]} 12. Ne5 {[%clk
01:28:31]} {[%emt 00:01:31]} Nd7 {[%clk 01:30:21]} {[%emt 00:02:57]} 13. Ndf3
{[%clk 01:27:29]} {[%emt 00:01:35]} Ncxe5 {[%clk 01:25:14]} {[%emt 00:05:36]}
14. Nxe5 {[%clk 01:26:30]} {[%emt 00:01:30]} Nxe5 {[%clk 01:23:45]} {[%emt
00:01:58]} 15. dxe5 {[%clk 01:26:27]} {[%emt 00:00:34]} Bc5 {[%clk 01:23:44]}
{[%emt 00:00:30]} 16. a4 {[%clk 01:24:28]} {[%emt 00:02:30]} a5 {[%clk
01:23:50]} {[%emt 00:00:23]} 17. Qg4 {[%clk 01:23:16]} {[%emt 00:01:43]} Kh8
{[%clk 01:13:10]} {[%emt 00:11:09]} 18. Qh5 {[%clk 01:16:03]} {[%emt 00:07:43]}
Kg8 {[%clk 01:03:14]} {[%emt 00:10:26]} 19. Qg4 {[%clk 01:15:20]} {[%emt
00:01:13]} Kh8 {[%clk 01:00:28]} {[%emt 00:03:14]} 20. Bc2 {[%clk 01:12:43]}
{[%emt 00:03:09]} Qb6 {[%clk 00:52:24]} {[%emt 00:08:33]} 21. Qf3 {[%clk
01:11:20]} {[%emt 00:01:54]} Rf8 {[%clk 00:51:11]} {[%emt 00:01:43]} 22. Rf1
{[%clk 01:09:17]} {[%emt 00:02:33]} Bd7 {[%clk 00:48:39]} {[%emt 00:03:02]} 23.
Qd3 {[%clk 01:08:23]} {[%emt 00:01:24]} g6 {[%clk 00:43:30]} {[%emt 00:05:39]}
24. Bxh6 {[%emt 00:01:09]} Rg8 {[%clk 00:42:18]} {[%emt 00:01:31]} 25. b3
{[%clk 01:05:45]} {[%emt 00:02:41]} Qc7 {[%clk 00:39:25]} {[%emt 00:03:17]} 26.
Qg3 {[%clk 01:02:33]} {[%emt 00:03:47]} Be7 {[%clk 00:38:45]} {[%emt 00:01:05]}
27. Bg5 {[%clk 00:55:59]} {[%emt 00:07:09]} Bxg5 {[%clk 00:36:59]} {[%emt
00:02:16]} 28. Qxg5 {[%clk 00:56:25]} {[%emt 00:00:05]} Kg7 {[%clk 00:36:29]}
{[%emt 00:00:59]} 29. Rac1 {[%clk 00:51:11]} {[%emt 00:05:44]} Rh8 {[%clk
00:31:41]} {[%emt 00:05:19]} 30. Qf6+ {[%clk 00:49:34]} {[%emt 00:02:06]} Kg8
{[%clk 00:30:28]} {[%emt 00:01:41]} 31. Rfe1 {[%clk 00:48:32]} {[%emt
00:01:33]} Bc6 {[%clk 00:26:32]} {[%emt 00:04:27]} 32. Re3 {[%clk 00:47:06]}
{[%emt 00:02:37]} Qd7 {[%clk 00:25:07]} {[%emt 00:01:56]} 33. Rg3 {[%clk
00:46:13]} {[%emt 00:01:21]} Rh7 {[%clk 00:23:34]} {[%emt 00:02:04]} 34. Rd1
{[%clk 00:45:13]} {[%emt 00:01:30]} b6 {[%clk 00:20:53]} {[%emt 00:03:12]} 35.
Rd4 {[%clk 00:44:48]} {[%emt 00:00:54]} Rg7 {[%clk 00:19:24]} {[%emt 00:01:58]}
36. Rdg4 {[%clk 00:44:03]} {[%emt 00:01:16]} Rf8 {[%clk 00:15:52]} {[%emt
00:03:59]} 37. h4 {[%clk 00:42:30]} {[%emt 00:02:06]} Qd8 {[%clk 00:13:56]}
{[%emt 00:02:25]} 38. h5 {[%clk 00:40:04]} {[%emt 00:02:57]} Qxf6 {[%clk
00:12:52]} {[%emt 00:01:34]} 39. exf6 {[%clk 00:40:05]} {[%emt 00:00:30]} Rh7
{[%clk 00:13:05]} {[%emt 00:00:11]} 40. hxg6 {[%clk 00:39:47]} {[%emt
00:00:54]} Rh5 {[%clk 00:12:42]} {[%emt 00:00:52]} 41. gxf7+ {[%clk 00:38:26]}
{[%emt 00:01:52]} Kxf7 {[%clk 00:13:01]} {[%emt 00:00:10]} 42. Bg6+ {[%clk
00:38:40]} {[%emt 00:00:16]} Kxf6 {[%emt 00:00:27]} 43. Bxh5 {[%emt 00:00:08]}
Rc8 {[%clk 00:11:53]} {[%emt 00:01:02]} 44. Rg8 {[%clk 00:38:01]} {[%emt
00:01:09]} Rc7 {[%clk 00:11:57]} {[%emt 00:00:24]} 45. Rf8+ {[%clk 00:37:28]}
{[%emt 00:01:06]} Ke5 {[%clk 00:12:07]} {[%emt 00:00:20]} 46. Be8 {[%clk
00:36:13]} {[%emt 00:01:45]} Bb7 {[%clk 00:12:12]} {[%emt 00:00:25]} 47. Rf7
{[%clk 00:33:50]} {[%emt 00:02:53]} Rc8 {[%clk 00:11:39]} {[%emt 00:01:00]} 48.
Rxb7 {[%clk 00:33:56]} {[%emt 00:00:27]} Rxe8 {[%clk 00:12:02]} {[%emt
00:00:07]} 49. Rxb6 {[%clk 00:34:23]} {[%emt 00:00:04]} Ke4 {[%clk 00:11:58]}
{[%emt 00:00:31]} 50. Rb5 {[%clk 00:34:22]} {[%emt 00:00:33]} Ra8 {[%clk
00:11:59]} {[%emt 00:00:26]} 51. Kf1 {[%clk 00:34:40]} {[%emt 00:00:15]} e5
{[%clk 00:12:00]} {[%emt 00:00:28]} 52. Re3+ {[%clk 00:34:54]} {[%emt
00:00:17]} Kf4 {[%clk 00:11:56]} {[%emt 00:00:34]} 53. Rxd5 {[%clk 00:35:19]}
{[%emt 00:00:06]} e4 {[%clk 00:12:10]} {[%emt 00:00:16]} 54. g3+ {[%clk
00:35:23]} {[%emt 00:00:24]} Kg4 {[%clk 00:12:19]} {[%emt 00:00:18]} 55. Rxe4+
{[%clk 00:35:51]} {[%emt 00:00:06]} Kf3 {[%clk 00:12:23]} {[%emt 00:00:24]} 56.
Rf4# {[%emt 00:00:44]} 1-0

[Event "ODJM C 2023"]
[Site "Willingen GER"]
[Date "2023.05.30"]
[Round "4"]
[White "Hendler, Maximilian"]
[Black "Winkler, Frida"]
[Result "0-1"]
[Termination "normal"]
[Board "7"]
[WhiteElo "971"]
[BlackElo "1280"]
[WhiteClock "00:35:33"]
[BlackClock "00:51:58"]
[PlyCount "57"]
[WhiteFideId "34616500"]
[BlackFideId "34622322"]
[EventCountry "GER"]
[EventRounds "9"]
[EventType "swiss"]
[EventDate "2023.05.27"]

1. e4 {[%clk 01:30:56]} {[%emt 00:00:04]} c5 {[%clk 01:30:52]} {[%emt
00:00:09]} 2. Nf3 {[%clk 01:31:19]} {[%emt 00:00:07]} Nc6 {[%clk 01:31:16]}
{[%emt 00:00:06]} 3. d4 {[%clk 01:31:43]} {[%emt 00:00:07]} cxd4 {[%clk
01:31:38]} {[%emt 00:00:07]} 4. Nxd4 {[%clk 01:32:01]} {[%emt 00:00:11]} Nf6
{[%clk 01:31:57]} {[%emt 00:00:11]} 5. Nc3 {[%clk 01:32:20]} {[%emt 00:00:12]}
d6 {[%clk 01:32:11]} {[%emt 00:00:15]} 6. Bc4 {[%emt 00:02:31]} e6 {[%clk
01:31:34]} {[%emt 00:01:05]} 7. O-O {[%clk 01:27:24]} {[%emt 00:03:26]} Be7
{[%clk 01:31:15]} {[%emt 00:00:49]} 8. Be3 {[%emt 00:06:09]} O-O {[%clk
01:28:54]} {[%emt 00:02:49]} 9. Nf3 {[%clk 01:15:03]} {[%emt 00:07:15]} Nd7
{[%clk 01:20:28]} {[%emt 00:08:55]} 10. Qe2 {[%clk 01:10:38]} {[%emt 00:04:55]}
Nde5 {[%clk 01:19:46]} {[%emt 00:01:12]} 11. Nxe5 {[%clk 01:09:20]} {[%emt
00:01:49]} Nxe5 {[%clk 01:20:02]} {[%emt 00:00:13]} 12. Bb3 {[%clk 01:07:52]}
{[%emt 00:01:58]} b6 {[%clk 01:16:38]} {[%emt 00:03:55]} 13. Rad1 {[%clk
01:06:04]} {[%emt 00:02:17]} a5 {[%clk 01:10:45]} {[%emt 00:06:21]} 14. Bf4
{[%clk 01:03:32]} {[%emt 00:03:04]} f6 {[%clk 01:09:12]} {[%emt 00:02:03]} 15.
Bxe5 {[%clk 00:58:27]} {[%emt 00:05:35]} fxe5 {[%clk 01:09:28]} {[%emt
00:00:13]} 16. Nb5 {[%clk 00:58:26]} {[%emt 00:00:33]} a4 {[%clk 01:05:58]}
{[%emt 00:03:58]} 17. Bc4 {[%clk 00:57:55]} {[%emt 00:01:02]} Qd7 {[%clk
01:03:46]} {[%emt 00:02:40]} 18. Rd3 {[%clk 00:55:49]} {[%emt 00:02:38]} Ba6
{[%clk 01:03:31]} {[%emt 00:00:44]} 19. Rg3 {[%clk 00:49:35]} {[%emt 00:06:45]}
Bf6 {[%clk 01:00:46]} {[%emt 00:03:15]} 20. Rd1 {[%clk 00:47:50]} {[%emt
00:02:15]} Bxb5 {[%clk 01:00:19]} {[%emt 00:00:57]} 21. Bxb5 {[%clk 00:47:55]}
{[%emt 00:00:26]} Qe7 {[%clk 00:59:57]} {[%emt 00:00:49]} 22. Rgd3 {[%clk
00:47:36]} {[%emt 00:00:51]} Rfd8 {[%clk 00:58:25]} {[%emt 00:02:02]} 23. Qe3
{[%clk 00:44:19]} {[%emt 00:03:47]} Qc7 {[%clk 00:57:25]} {[%emt 00:01:28]} 24.
Rc3 {[%clk 00:43:51]} {[%emt 00:01:01]} Qb8 {[%clk 00:56:31]} {[%emt 00:01:22]}
25. Rc6 {[%clk 00:42:53]} {[%emt 00:01:30]} Ra5 {[%clk 00:51:39]} {[%emt
00:05:20]} 26. Qxb6 {[%clk 00:36:02]} {[%emt 00:07:22]} Rxb5 {[%clk 00:51:28]}
{[%emt 00:00:41]} 27. Qxb8 {[%clk 00:35:41]} {[%emt 00:00:51]} Rbxb8 {[%clk
00:51:43]} {[%emt 00:00:15]} 28. Rcxd6 {[%clk 00:35:07]} {[%emt 00:01:04]} Rxd6
{[%clk 00:51:58]} {[%emt 00:00:15]} 29. Rxd6 {[%clk 00:35:33]} {[%emt
00:00:05]} 0-1